Statistics for Furthest N-S-E-W Capital Cities by Continent

Click here to take the quiz!

General Stats

  • This quiz has been taken 759 times
  • The average score is 15 of 24

Answer Stats

ANSWER % Correct
Moscow
89%
Tunis
85%
Ottawa
85%
Reykjavik
83%
Reykjavik
83%
Tokyo
82%
Wellington
77%
Caracas
76%
Brasilia
75%
Quito
74%
Panama City
72%
Montevideo
71%
Mexico City
70%
Ankara
64%
Dili
56%
Astana
56%
Valletta
56%
Praia
46%
Port Louis
43%
Maseru
40%
Apia
36%
Bridgetown
32%
Melekeok
25%
Melekeok
25%

Score Distribution

Percentile by Number Answered

Percent of People with Each Score

Your Score History

You have not taken this quiz